000
00277nam a22001337a 4500
082
_a
823
_b
ANA/P
100
_a
ANAND
245
_a
PINOCCHIO
260
_a
HAR ANAND PUBLICATIONS
300
_a
16
520
_a
ENGLISH SHORT STORY
650
_a
ENGLISH SHORT STORY
942
_c
BK
999
_c
5942
_d
5942